Statistiken für Länder Nordamerikas

Klicken Sie hier um das Quiz zu spielen!

Allgemein

  • Dieses Quiz wurde 477 mal gespielt
  • Das Durchschnittsergebnis liegt bei 19 aus 23

Antwortstatistiken

Länder% Korrekt
Kanada
97%
Vereinigte Staaten
96%
Mexiko
95%
Panama
90%
Haiti
89%
Kuba
89%
Bahamas
86%
Dominikanische Republik
86%
Jamaika
86%
Guatemala
85%
Honduras
85%
Costa Rica
84%
Nicaragua
84%
Belize
81%
Barbados
80%
El Salvador
80%
St. Lucia
79%
Antigua und Barbuda
76%
Dominica
76%
Trinidad und Tobago
76%
St. Kitts und Nevis
75%
Grenada
73%
St. Vincent und die Grenadinen
73%

Verteilung der Resultate

Perzentil nach korrekt beantworteten Fragen

Anzahl Personen mit jedem Resultat

Ihre Resultats-Entwicklung

Sie haben dieses Quiz noch nicht gespielt